Half of farmers working part-time (Record no. 72723)

MARC details
000 -LEADER
fixed length control field 00926cam a2200205 4500
001 - CONTROL NUMBER
control field WB3919-20
008 - FIXED-LENGTH DATA ELEMENTS--GENERAL INFORMATION
fixed length control field 030522n2003 000 0 eng u
035 ## - SYSTEM CONTROL NUMBER
System control number (Sirsi) u122365
245 ## - TITLE STATEMENT
Title Half of farmers working part-time
260 ## - PUBLICATION, DISTRIBUTION, ETC.
Date of publication, distribution, etc. 2003
490 ## - SERIES STATEMENT
Series statement Farmers' Weekly
Volume/sequential designation 138(20) 16 May 2003, 7, 84-86(4)
520 ## - SUMMARY, ETC.
Summary, etc. A "Farmers Weekly" survey of rural practitioners reveals that over half of farmers work part-time and rely on non-farm income to support their businesses. The survey also notes the emergence of two types of part-time farmers: those who diversify in desperation for extra income and those with large non-farming income who aspire to the farming lifestyle. A series of articles investigates further into part-time farming.
590 ## - LOCAL NOTE (RLIN)
Local note WB
650 ## - SUBJECT ADDED ENTRY--TOPICAL TERM
Topical term or geographic name entry element FARMERS
650 ## - SUBJECT ADDED ENTRY--TOPICAL TERM
Topical term or geographic name entry element RURAL ECONOMY
650 ## - SUBJECT ADDED ENTRY--TOPICAL TERM
Topical term or geographic name entry element RURAL BUSINESSES
650 ## - SUBJECT ADDED ENTRY--TOPICAL TERM
Topical term or geographic name entry element FARM DIVERSIFICATION
690 ## - LOCAL SUBJECT ADDED ENTRY--TOPICAL TERM (OCLC, RLIN)
Topical term or geographic name as entry element Rural
9 (RLIN) 6268
942 ## - ADDED ENTRY ELEMENTS (KOHA)
Suppress in OPAC 0
Holdings
Withdrawn status Lost status Source of classification or shelving scheme Damaged status Not for loan Home library Current library Shelving location Date acquired Total Checkouts Full call number Barcode Date last seen Copy number Price effective from Koha item type
    Dewey Decimal Classification     London London News article 22/05/2003   WB3919-20 122365-1001 06/08/2019 1 06/08/2019 News article